Калибровочные теории. Связи с конструктивной квантовой теорией поля и статистической механикой: пер. с англ.

Λεπτομέρειες βιβλιογραφικής εγγραφής
Κύριος συγγραφέας: Зайлер Э. Эрхард
Γλώσσα:Ρωσικά
Έκδοση: Москва, Мир, 1985
Θέματα:
Μορφή: Βιβλίο
KOHA link:https://koha.lib.tpu.ru/cgi-bin/koha/opac-detail.pl?biblionumber=280204

MARC

LEADER 00000nam0a2200000 4500
001 280204
005 20231101235301.0
035 |a (RuTPU)RU\TPU\book\303513 
090 |a 280204 
100 |a 20141226d1985 km y0rusy50 ca 
101 1 |a rus  |c eng 
102 |a RU 
105 |a a z 001zy 
200 1 |a Калибровочные теории. Связи с конструктивной квантовой теорией поля и статистической механикой  |e пер. с англ.  |f Э. Зайлер 
210 |a Москва  |c Мир  |d 1985 
215 |a 222 с.  |c ил. 
320 |a Библиогр.: с. 210-216 
320 |a Указатели: с. 217-220 
606 1 |a Калибровочные поля  |x Квантовая теория  |2 stltpush  |3 (RuTPU)RU\TPU\subj\13495  |9 40095 
610 1 |a схемы 
610 1 |a разложения 
610 1 |a модель Хиггса 
610 1 |a теорема Гута 
610 1 |a скейлинг-предел 
610 1 |a сходимость 
610 1 |a квантовая механика 
675 |a 530.145  |v 4 
700 1 |a Зайлер  |b Э.  |g Эрхард 
801 1 |a RU  |b 63413507  |c 20141226 
801 2 |a RU  |b 63413507  |c 20170428  |g RCR 
942 |c BK